[Event "Pozarevac Rudar FM2 12"]
[Site "Pozarevac"]
[Date "2024.12.17"]
[Round "9"]
[White "Fisher, Timofey"]
[Black "Liu, Haoling"]
[Result "1/2-1/2"]
[WhiteElo "2045"]
[BlackElo "1928"]
[PlyCount "138"]
[EventDate "2024.12.10"]
[EventType "tourn"]
[EventRounds "9"]
[EventCountry "SRB"]
[SourceTitle "CB04_2025"]
[SourceDate "2025.01.22"]
[SourceVersion "1"]
[SourceVersionDate "2025.01.22"]
[SourceQuality "1"]

1. d4 Nf6 2. c4 e6 3. Nf3 d5 4. Nc3 Bb4 5. Qa4+ Nc6 6. e3 0-0 7. Qc2 Ne7 8. a3 Bxc3+ 9. Qxc3 b6 10. Bd3 dxc4 11. Qxc4 Bb7 12. Qc2 c5 13. dxc5 Rc8 14. b4 bxc5 15. bxc5 Qd5 16. 0-0 Rxc5 17. Qe2 Qh5 18. Bb2 e5 19. Bb1 Ng6 20. Re1 Bxf3 21. Qxf3 Qxf3 22. gxf3 Nh4 23. Rd1 Nxf3+ 24. Kg2 Ng5 25. f4 exf4 26. Bxf6 gxf6 27. exf4 Ne6 28. Kf3 Rb8 29. Ba2 Rc3+ 30. Kg4 Rb2 31. Kf5 Nf8 32. Kxf6 Rc6+ 33. Kf5 Rxh2 34. Bd5 Rb6 35. Rab1 Rh5+ 36. Ke4 Rhh6 37. Rxb6 Rxb6 38. Rc1 Nd7 39. Rc8+ Kg7 40. Bc4 Nf6+ 41. Kf5 Rb7 42. Rc6 Ng8 43. Kg5 h6+ 44. Kg4 Ne7 45. Rc5 Kg6 46. Bd3+ Kg7 47. a4 Rb4 48. Rc7 Rxf4+ 49. Kg3 Rd4 50. Bc2 Nd5 51. Rxa7 Rd2 52. Be4 Nf6 53. Bf3 Kg6 54. a5 Ra2 55. a6 Ra3 56. Kf4 Nh5+ 57. Bxh5+ Kxh5 58. Rxf7 Rxa6 59. Kg3 Kg6 60. Rb7 Ra5 61. Rb6+ Kg5 62. Kh3 Ra3+ 63. Kg2 Ra5 64. Kh3 h5 65. Rb4 Ra3+ 66. Kg2 Ra2+ 67. Kh3 Ra3+ 68. Kg2 Ra2+ 69. Kh3 Ra3+ 1/2-1/2

[Event "Pozarevac Rudar FM2 12"]
[Site "Pozarevac"]
[Date "2024.12.16"]
[Round "8"]
[White "Popchev, Milko"]
[Black "Fisher, Timofey"]
[Result "1-0"]
[WhiteElo "2152"]
[BlackElo "2045"]
[PlyCount "109"]
[EventDate "2024.12.10"]
[EventType "tourn"]
[EventRounds "9"]
[EventCountry "SRB"]
[SourceTitle "CB04_2025"]
[SourceDate "2025.01.22"]
[SourceVersion "1"]
[SourceVersionDate "2025.01.22"]
[SourceQuality "1"]

1. d4 Nf6 2. g3 g6 3. Bg2 Bg7 4. e4 d6 5. Nc3 0-0 6. Nge2 e5 7. 0-0 exd4 8. Nxd4 Nc6 9. Nxc6 bxc6 10. e5 dxe5 11. Qxd8 Rxd8 12. Bxc6 Rb8 13. Re1 Rd6 14. Bg2 Bf5 15. b3 Bxc2 16. Be3 a6 17. Rac1 Bf5 18. Na4 Nd5 19. Bc5 Rdd8 20. Ba3 Nb4 21. Bxb4 Rxb4 22. Rxc7 Rbd4 23. Nc3 Bf8 24. h3 Bb4 25. Re2 Rd2 26. Rxd2 Rxd2 27. Nd5 Ba3 28. Ne3 Be6 29. Rc2 Rd4 30. Bf1 Rd6 31. h4 Bb4 32. Bc4 Bc5 33. Bxe6 Bxe3 34. Bxf7+ Kxf7 35. fxe3 h5 36. Kf2 Kf6 37. e4 Ke6 38. Ke3 Kf6 39. Rc5 Ke6 40. b4 Rb6 41. a3 Rd6 42. Ra5 Kf6 43. Rd5 Rc6 44. Kd3 Ke6 45. a4 Kf6 46. Rc5 Rd6+ 47. Kc3 Ke6 48. a5 Kf6 49. b5 axb5 50. Rxb5 Rd4 51. Rb4 Rd1 52. Ra4 Rd7 53. a6 Ra7 54. Kc4 Ke6 55. Kc5 1-0

[Event "Pozarevac Rudar FM 12"]
[Site "Pozarevac"]
[Date "2024.12.06"]
[Round "5"]
[White "Fisher, Timofey"]
[Black "Tosic, Nebojsa"]
[Result "1-0"]
[WhiteElo "2045"]
[BlackElo "2050"]
[PlyCount "39"]
[EventDate "2024.12.02"]
[EventType "tourn"]
[EventRounds "9"]
[EventCountry "SRB"]
[SourceTitle "CB50_2024"]
[SourceDate "2024.11.01"]
[SourceVersion "1"]
[SourceVersionDate "2024.11.01"]
[SourceQuality "2"]

1. d4 Nf6 2. c4 c5 3. d5 b5 4. cxb5 a6 5. bxa6 e6 6. Nc3 exd5 7. Nxd5 Nxd5 8. Qxd5 Nc6 9. e3 Be7 10. Nf3 0-0 11. Ne5 Qe8 12. Nxc6 dxc6 13. Qe4 c4 14. Bd2 Bxa6 15. Bxc4 Bb7 16. Bc3 Kh8 17. 0-0 Rb8 18. Qg4 Rg8 19. Qf5 Bf6 20. Bd3 1-0

[Event "Pozarevac Rudar FM 11"]
[Site "Pozarevac"]
[Date "2024.11.11"]
[Round "6"]
[White "Fisher, Timofey"]
[Black "Popchev, Milko"]
[Result "0-1"]
[WhiteElo "1894"]
[BlackElo "2148"]
[PlyCount "78"]
[EventDate "2024.11.06"]
[EventType "tourn"]
[EventRounds "7"]
[EventCountry "SRB"]
[SourceTitle "CB49_2024"]
[SourceDate "2024.12.04"]
[SourceVersion "1"]
[SourceVersionDate "2024.12.04"]
[SourceQuality "1"]

1. e4 b6 2. d4 Bb7 3. Bd3 Nc6 4. d5 Ne5 5. Be2 e6 6. Nf3 Nxf3+ 7. Bxf3 e5 8. 0-0 Nf6 9. Re1 Bc5 10. c3 a5 11. a4 0-0 12. Na3 Ba6 13. Nc2 Ne8 14. Ne3 Nd6 15. b3 Qe7 16. Qc2 Rae8 17. Bd2 f5 18. Nxf5 Nxf5 19. exf5 Qh4 20. g3 Qh3 21. Be4 g6 22. Be3 Bxe3 23. Rxe3 gxf5 24. g4 Qh4 25. Bxf5 d6 26. Qe4 Bc8 27. Rf3 Bxf5 28. Rxf5 Rxf5 29. Qxf5 Rf8 30. Qe6+ Kg7 31. Rf1 Qd8 32. g5 Qxg5+ 33. Kh1 Qf4 34. f3 Kh8 35. Qe7 Rg8 36. c4 h6 37. h4 Rg7 38. Qe8+ Kh7 39. Qh5 Rg3 0-1

[Event "SRB-chT2 Vojvodina"]
[Site "Palic"]
[Date "2024.11.04"]
[Round "9.5"]
[White "Fisher, Timofey"]
[Black "Stankovic, Milos M"]
[Result "1-0"]
[WhiteElo "1861"]
[BlackElo "2252"]
[PlyCount "62"]
[EventDate "2024.10.29"]
[EventType "team-tourn"]
[EventRounds "11"]
[EventCountry "SRB"]
[SourceTitle "CB45_2024"]
[Source "ChessBase"]
[SourceDate "2024.11.06"]
[SourceVersion "1"]
[SourceVersionDate "2024.11.06"]
[SourceQuality "1"]
[WhiteTeam "Zrenjanin Proleter"]
[BlackTeam "Nova Pazova Mladost"]
[WhiteTeamCountry "SRB"]
[BlackTeamCountry "SRB"]

1. e4 c5 2. Nf3 d6 3. d4 cxd4 4. Nxd4 Nf6 5. Nc3 a6 6. f3 e5 7. Nb3 Be6 8. Be3 Be7 9. Qd2 0-0 10. 0-0-0 Nbd7 11. g4 b5 12. g5 Ne8 13. Nd5 Bxd5 14. exd5 Rc8 15. Na5 Nb8 16. Bh3 Rc7 17. Rhg1 g6 18. Kb1 Ng7 19. Bb6 f5 20. gxf6 Bxf6 21. Nc6 Nxc6 22. dxc6 Be7 23. Qa5 Ne8 24. Bd7 Qb8 25. Bxe8 Bd8 26. Bxg6 hxg6 27. Rxg6+ Rg7 28. Rxg7+ Kxg7 29. c7 Bxc7 30. Bxc7 Qb7 31. Bxd6 Qxf3 1-0

[Event "SRB-chT2 Vojvodina"]
[Site "Palic"]
[Date "2024.11.02"]
[Round "7.5"]
[White "Fisher, Timofey"]
[Black "Parezanin, Darko"]
[Result "1/2-1/2"]
[WhiteElo "1861"]
[BlackElo "2059"]
[PlyCount "40"]
[EventDate "2024.10.29"]
[EventType "team-tourn"]
[EventRounds "11"]
[EventCountry "SRB"]
[SourceTitle "CB45_2024"]
[Source "ChessBase"]
[SourceDate "2024.11.06"]
[SourceVersion "1"]
[SourceVersionDate "2024.11.06"]
[SourceQuality "1"]
[WhiteTeam "Zrenjanin Proleter"]
[BlackTeam "Mladenovo"]
[WhiteTeamCountry "SRB"]
[BlackTeamCountry "SRB"]

1. e4 d6 2. d4 g6 3. Nc3 c6 4. Be3 Nf6 5. Nf3 Bg7 6. Qd2 Qa5 7. Bd3 Ng4 8. Bg5 e5 9. d5 f6 10. Bh4 Bh6 11. Qe2 cxd5 12. exd5 Bg7 13. Nd4 0-0 14. Ne6 Bxe6 15. dxe6 Nh6 16. 0-0-0 Re8 17. Ne4 d5 18. Bb5 Nc6 19. Nxf6+ Bxf6 20. Bxf6 Qxa2 1/2-1/2

[Event "SRB-chT2 Vojvodina"]
[Site "Palic"]
[Date "2024.11.01"]
[Round "5.5"]
[White "Fisher, Timofey"]
[Black "Zlatanovic, Boroljub"]
[Result "1/2-1/2"]
[WhiteElo "1861"]
[BlackElo "2330"]
[PlyCount "109"]
[EventDate "2024.10.29"]
[EventType "team-tourn"]
[EventRounds "11"]
[EventCountry "SRB"]
[SourceTitle "CB45_2024"]
[Source "ChessBase"]
[SourceDate "2024.11.06"]
[SourceVersion "1"]
[SourceVersionDate "2024.11.06"]
[SourceQuality "1"]
[WhiteTeam "Zrenjanin Proleter"]
[BlackTeam "Dec"]
[WhiteTeamCountry "SRB"]
[BlackTeamCountry "SRB"]

1. e4 e6 2. d4 d5 3. Nd2 Nc6 4. Ngf3 Nf6 5. e5 Nd7 6. c3 f6 7. exf6 Qxf6 8. Bb5 Bd6 9. 0-0 0-0 10. Nb3 e5 11. c4 a6 12. Ba4 Nxd4 13. Nbxd4 exd4 14. Bg5 Qf7 15. Qxd4 dxc4 16. Bc2 Qh5 17. Qxc4+ Kh8 18. Qh4 Qxh4 19. Bxh4 Nc5 20. Rfe1 Bf5 21. Bxf5 Rxf5 22. Rad1 Na4 23. Bg3 Nxb2 24. Rd4 b5 25. Bxd6 cxd6 26. Rxd6 Kg8 27. Ree6 a5 28. h3 Nc4 29. Rd7 Rf7 30. Rd5 Rb7 31. Nd4 b4 32. Nc6 a4 33. Nd8 Rxd8 34. Rxd8+ Kf7 35. Re4 b3 36. axb3 axb3 37. Rxc4 b2 38. Rd1 b1Q 39. Rxb1 Rxb1+ 40. Kh2 Rb3 41. Rc6 h6 42. g3 Ra3 43. Kg2 Rb3 44. h4 Rb2 45. Ra6 Rc2 46. Rb6 Ra2 47. g4 Ra4 48. Kg3 Ra3+ 49. f3 Ra4 50. Rc6 Rb4 51. Ra6 Rc4 52. Rb6 Ra4 53. Rb7+ Kf6 54. Rc7 Rb4 55. h5 1/2-1/2